Learning Resource and Development

Information and communications technology (ICT) / (Record no. 29061)

MARC details
000 -LEADER
fixed length control field 02210nam a2200289 i 4500
003 - CONTROL NUMBER IDENTIFIER
control field CSPC
005 - DATE AND TIME OF LATEST TRANSACTION
control field 20251018113323.0
008 - FIXED-LENGTH DATA ELEMENTS--GENERAL INFORMATION
fixed length control field 250307s2023 ii a b 000 0 eng d
020 ## - INTERNATIONAL STANDARD BOOK NUMBER
International Standard Book Number 9789387537644
040 ## - CATALOGING SOURCE
Transcribing agency CSPC
Original cataloging agency CSPC
Language of cataloging eng
Description conventions rda
082 04 - DEWEY DECIMAL CLASSIFICATION NUMBER
Classification number 004
Item number Ab31i
100 1# - MAIN ENTRY--PERSONAL NAME
Personal name Abdel-Raheem, Mohamed,
Relator term author.
245 10 - TITLE STATEMENT
Title Information and communications technology (ICT) /
Statement of responsibility, etc. Mohamed Abdel-Raheem and Jitamoni Bhattacharyya.
264 #1 - PRODUCTION, PUBLICATION, DISTRIBUTION, MANUFACTURE, AND COPYRIGHT NOTICE
Place of production, publication, distribution, manufacture New Delhi, India :
Name of producer, publisher, distributor, manufacturer Crescent Publishing Corporation,
Date of production, publication, distribution, manufacture, or copyright notice 2023.
300 ## - PHYSICAL DESCRIPTION
Extent viii, 135 pages :
Other physical details illustrations ;
Dimensions 23 cm.
336 ## - CONTENT TYPE
Source rdacontent
Content type term text
337 ## - MEDIA TYPE
Source rdamedia
Media type term unmediated
338 ## - CARRIER TYPE
Source rdacarrier
Carrier type term volume
504 ## - BIBLIOGRAPHY, ETC. NOTE
Bibliography, etc. note Includes bibliographical references.
505 0# - FORMATTED CONTENTS NOTE
Formatted contents note Introduction -- What is information and communications technology? -- What is information and communications technology in education? -- The scope of information and communications technology -- Importance of information and communications technology -- Challenges of information and communications technology -- E-Agriculture refers to use of ICT in agriculture -- Information and communications technology evolution -- Information and communications technology in business -- ICTs in development and agriculture -- ICT in agriculture -- ICT in agriculture: developing countries -- Agricultural extension and advisory services -- Climate change adaptation and early warning -- Food safety, traceability and certification -- Insurance and risk management -- Precision agriculture -- E-agriculture community of practice (FAO) -- ICT Observatory and ICT UPDATE (Technical Centre for Agricultural and Rural Cooperation) -- Advanced agricultural practice knowledge portal -- Technical organizations and communities -- Trade in digital goods and services -- Citizen science -- Information technology and communication and best practices in it lifecycle management.
650 #4 - SUBJECT ADDED ENTRY--TOPICAL TERM
Topical term or geographic name entry element Information technology.
650 #4 - SUBJECT ADDED ENTRY--TOPICAL TERM
Topical term or geographic name entry element Communication technology.
650 #4 - SUBJECT ADDED ENTRY--TOPICAL TERM
Topical term or geographic name entry element ICT
General subdivision Applications.
700 1# - ADDED ENTRY--PERSONAL NAME
Personal name Bhattacharyya, Jitamoni,
Relator term author.
942 ## - ADDED ENTRY ELEMENTS (KOHA)
Source of classification or shelving scheme Dewey Decimal Classification
Suppress in OPAC No
Koha item type Books
Item part Ab31i
Call number prefix CIR
Call number suffix 2023
Classification part 004
Holdings
Withdrawn status Lost status Source of classification or shelving scheme Damaged status Not for loan Home library Current library Shelving location Date acquired Total Checkouts Full call number Barcode Date last seen Copy number Price effective from Koha item type
    Dewey Decimal Classification     Main Library Main Library Circulation Section 03/07/2025   CIR 004 Ab31i 2023 029174 03/07/2025 1-1 03/07/2025 Books
    Dewey Decimal Classification     Main Library Main Library Circulation Section 10/18/2025   CIR 004 Ab31i 2023 030518 10/18/2025 2-2 10/18/2025 Books